Nfl teams that fly - Statistics

General Stats
  • This quiz has been taken 451 times
  • The average score is 6 of 6
Answer Stats
Division Answer % Correct
NFC East Eagles
100%
NFC South Falcons
98%
NFC West Seahawks
97%
NFC West Cardinals
96%
AFC North Ravens
96%
AFC East Jets
93%
No matching quizzes found
Score Distribution
Percent of People with Each Score
Percentile by Number Answered
Your Score History
You have not taken this quiz